00000000nam##2200000za#4500
0019.663284
003CaOODSP
00520200330131840
007ta
008150407|2001||||xxc|||||     f|0| 0 fre|d
020 |a0-662-66152-4
040 |aCaOODSP|bfre
041 |aeng
041 |afre
043 |an-cn---
0861 |aFs23-407/2001
1101 |aCanada. |bMinistère des pêches et des océans.
24510|aPartenariats-garder les océans en vie: Conférence canadienne sur l'intendance des océans, 6-8 juin, 2001, Vancouver, Colombie-Britannique
260 |aOttawa - Ontario : |bPêches et Océans Canada |c2001.
300 |aTexte français, 17p. : |bill. ; |c22 cm.
546 |aBilingue
563 |aCouverture souple
590 |a01-51|b2001-12-28
69107|aOcéan|2gcpds
69107|aÉcosystème marin|2gcpds
69107|aCongrès|2gcpds
7760#|tPartnerships for living oceans : |w(CaOODSP)9.696191
791 |tPartnerships for living oceans: Canadian Oceans Stewardship Conference report, June 6-8, 2001, Vancouver, British Columbia |eeng|w(CaOODSP)9.663283